Music Quiz

Random Music or Lyrics Quiz

Complete the song lyrics Quiz Stats

 Plays Quiz not verified by Sporcle

Challenge
Share
Tweet
Embed
Score 0/10 Timer 04:00
0 Plays Today
lyrics rest of the sentence % Correct
I got a feeling (ooh-ooh)that tonight's gonna be a good night
89.3%
you're on the phone with yourgirlfriend, she's upset.
73.2%
I'm your biggest fan I'll follow you until you love mepapa paparazzi
55.7%
forget about your boyfriendand meet me at the hotel
24.7%
I was hanging in the corner with my 5 best friendsI heard that you were trouble but I couldn't resist
20.2%
will you meet me halfway,right at the borderline
18.2%
jumped in the cab, here I am for the first timelook to the right and I see the hollywood sign
15.8%
It's close to midnightand something evil's lurking in the dark
13.1%
no-nobody stop. Everybody move g-get up and, g-get up and dancemove your body, b-b-body
1.5%
We're off, we're on emotions bruised till they're black and blueYou run, I hide but we keep this thing alive
0.9%

You're not logged in!

Compare scores with friends on all Sporcle quizzes.
Join for Free
OR
Log In

You Might Also Like...

Show Comments

Extras

Top Quizzes Today


Score Distribution

Your Account Isn't Verified!

In order to create a playlist on Sporcle, you need to verify the email address you used during registration. Go to your Sporcle Settings to finish the process.

Report this User

Report this user for behavior that violates our Community Guidelines.

Details: